00301nam a2200121Ia 45000030006000000080041000060400015000471000030000622450049000922600009001415460012001500050017001620STCL150530s9999 xx 000 0 und d aSTCLcSTCL aKurup, R.S.; George, K.A. aPopulation growth in Kerala its implications c1966 aEnglish20220125165502.0